[Event "2.BLS 0506 SC HP Böblingen - SG Turm Tr"]
[Site "?"]
[Date "2006.03.12"]
[Round "8.5"]
[White "Cioara, Andrei Nestor"]
[Black "Kabisch, Thilo"]
[Result "1-0"]
[WhiteElo "2436"]
[BlackElo "2330"]
[PlyCount "106"]
[EventDate "2006.??.??"]

1. d4 Nf6 2. Nf3 d6 3. g3 g6 4. Bg2 Bg7 5. O-O O-O 6. c4 Nbd7 7. Nc3 e5 8. e4
exd4 9. Nxd4 Re8 10. h3 c6 11. Re1 Nc5 12. Rb1 a5 13. b3 Nfd7 14. Be3 Ne5 15.
Re2 f5 16. exf5 gxf5 17. Rd2 Qf6 18. Nde2 Bf8 19. Nf4 Be6 20. Qc2 Bf7 21. Rbd1
Ne6 22. Nxe6 Rxe6 23. Ne2 Bh5 24. Nd4 Bxd1 25. Rxd1 Re7 26. Nxf5 Rf7 27. Be4
Re8 28. Kg2 Ng6 29. f3 Re6 30. h4 Ne7 31. Nd4 Re5 32. f4 Rh5 33. Qe2 Rc5 34.
Nf3 Rf5 35. Ng5 Qh6 36. Nxf7 Rxf7 37. f5 Qf6 38. Bd4 Qh6 39. Qg4+ Bg7 40. f6
Rxf6 41. Bxf6 Qxf6 42. Qh5 Ng6 43. Rf1 Qe6 44. Bf5 Qe8 45. Qg4 Ne5 46. Be6+ Kh8
47. Qf5 h6 48. Bf7 Qd8 49. Bh5 d5 50. Re1 Qe7 51. cxd5 cxd5 52. Rc1 Bf6 53.
Qc8+ Qd8 1-0

[Event "2.BLS 0506 SC HP Böblingen - SG Turm Tr"]
[Site "?"]
[Date "2006.03.12"]
[Round "8.6"]
[White "Tuncer, Ufuk"]
[Black "Kolbus, Dietmar"]
[Result "0-1"]
[WhiteElo "2295"]
[BlackElo "2413"]
[PlyCount "129"]
[EventDate "2006.??.??"]

1. d4 Nf6 2. Nf3 g6 3. g3 Bg7 4. Bg2 O-O 5. O-O d5 6. c4 dxc4 7. Na3 Nc6 8.
Nxc4 Be6 9. b3 Bd5 10. Bb2 a5 11. Ne3 Be4 12. Ne5 Bxg2 13. Kxg2 Nb4 14. a3 Nbd5
15. N3c4 Ra6 16. Qd3 Nd7 17. Rfd1 N5b6 18. Qf3 Nxc4 19. Nxc4 Qa8 20. Rac1 c6
21. Rc2 Nb6 22. Ne5 Qd8 23. e4 Nd7 24. Nc4 Nb6 25. d5 Bxb2 26. Nxb2 cxd5 27.
exd5 Nc8 28. Nc4 Nd6 29. Ne5 Nf5 30. Qc3 Rd6 31. Rcd2 Qa8 32. Nc4 Ra6 33. a4
Nd6 34. Ne5 Rc8 35. Qf3 Rc7 36. h4 Qc8 37. Re1 Rc3 38. Rd3 Rxd3 39. Qxd3 Ra8
40. h5 Qf5 41. hxg6 hxg6 42. Qd4 Qf6 43. Qd2 Nf5 44. Re4 Qb6 45. g4 Nd6 46. Re3
Qd8 47. Qd4 Qe8 48. Rh3 f6 49. Qf4 fxe5 50. Qh6 Kf7 51. Qh7+ Kf6 52. g5+ Kf5
53. Re3 e4 54. Qh3+ Ke5 55. Qe6+ Kd4 56. Re1 Kc5 57. Qe5 Kb6 58. Qd4+ Ka6 59.
b4 axb4 60. Qxb4 Qd8 61. Rb1 Ka7 62. a5 Kb8 63. Ra1 Ra6 64. Qc3 Qc8 65. Qc5 0-1

[Event "2.BLS 0506 SC HP Böblingen - SG Turm Tr"]
[Site "?"]
[Date "2006.03.12"]
[Round "8.7"]
[White "Niklasch, Oliver"]
[Black "Boehm, Martin"]
[Result "1/2-1/2"]
[WhiteElo "2405"]
[BlackElo "2254"]
[PlyCount "47"]
[EventDate "2006.??.??"]

1. d4 Nf6 2. c4 e6 3. Nf3 Bb4+ 4. Bd2 a5 5. g3 O-O 6. Bg2 d5 7. Qc2 Nc6 8. O-O
Be7 9. Bf4 Nb4 10. Qc1 dxc4 11. Na3 c3 12. Qxc3 Nfd5 13. Qd2 Nxf4 14. gxf4 Nd5
15. Nc4 Bd7 16. e3 Bb5 17. Rac1 Bxc4 18. Rxc4 c6 19. Rfc1 h6 20. Ne5 Bd6 21.
Qe2 Qh4 22. a3 g5 23. fxg5 hxg5 24. h3 {(=)} 1/2-1/2

[Event "2.BLS 0506 SC HP Böblingen - SG Turm Tr"]
[Site "?"]
[Date "2006.03.12"]
[Round "8.8"]
[White "Heinl, Thomas"]
[Black "Rat, Dan Ovidiu"]
[Result "1/2-1/2"]
[WhiteElo "2248"]
[BlackElo "2316"]
[PlyCount "34"]
[EventDate "2006.??.??"]

1. e4 g6 2. d4 Bg7 3. Nf3 d6 4. Nc3 Nf6 5. Be3 O-O 6. h3 d5 7. e5 Ne4 8. Nxe4
dxe4 9. Nd2 c5 10. dxc5 Bxe5 11. c3 f5 12. Qb3+ Kg7 13. O-O-O Qc7 14. g3 Nd7
15. Qd5 Nf6 16. Qb3 Nd7 17. Qa3 Bf6 {(=)} 1/2-1/2

[Event "2.BLS 0506 Heidelberg HSH - Bad Mergent"]
[Site "?"]
[Date "2006.04.02"]
[Round "9.2"]
[White "Schwalfenberg, Joerg"]
[Black "Gasthofer, Alexander"]
[Result "1/2-1/2"]
[WhiteElo "2335"]
[BlackElo "2418"]
[PlyCount "23"]
[EventDate "2006.??.??"]

1. d4 d5 2. Nf3 Nf6 3. c4 e6 4. Nc3 Be7 5. Bf4 O-O 6. e3 Nbd7 7. Bd3 dxc4 8.
Bxc4 Nb6 9. Bd3 Nbd5 10. Be5 b6 11. O-O Bb7 12. Nxd5 {(=)} 1/2-1/2

[Event "2.BLS 0506 Heidelberg HSH - Bad Mergent"]
[Site "?"]
[Date "2006.04.02"]
[Round "9.5"]
[White "Hauke, Christian"]
[Black "Syska, Albert"]
[Result "1/2-1/2"]
[WhiteElo "2267"]
[BlackElo "2230"]
[PlyCount "20"]
[EventDate "2006.??.??"]

1. d4 Nf6 2. Bg5 c5 3. d5 e5 4. Nc3 d6 5. e4 Be7 6. Bb5+ Nfd7 7. Bxe7 Qxe7 8.
a4 O-O 9. Nce2 Qh4 10. Ng3 g6 1/2-1/2

[Event "2.BLS 0506 Karlsruher SF - SK Viernheim"]
[Site "?"]
[Date "2006.04.02"]
[Round "9.1"]
[White "Boguslavsky, Oleh"]
[Black "Delemarre, Jop"]
[Result "1/2-1/2"]
[WhiteElo "2386"]
[BlackElo "2433"]
[PlyCount "109"]
[EventDate "2006.??.??"]

1. e4 d6 2. d4 Nf6 3. Nc3 g6 4. Bg5 Bg7 5. Qd2 c6 6. f3 b5 7. a3 a6 8. Nge2
Nbd7 9. Bh6 Bxh6 10. Qxh6 e5 11. Rd1 Qe7 12. d5 c5 13. Ng3 Ng8 14. Qe3 Qh4 15.
Be2 f5 16. exf5 gxf5 17. Qf2 Nh6 18. O-O Nf6 19. Nge4 Qxf2+ 20. Nxf2 f4 21. Bd3
c4 22. Be4 Rg8 23. Kh1 Ra7 24. a4 b4 25. Nb1 Nf5 26. Bxf5 Bxf5 27. c3 Rb7 28.
Nd2 Ke7 29. Nxc4 bxc3 30. bxc3 Rc7 31. Nxe5 Rxc3 32. Nc6+ Kd7 33. Nd4 Bg6 34.
Ne2 Rc4 35. Nh3 Bc2 36. Rd2 Bxa4 37. Nhxf4 Bb5 38. Ra1 Re8 39. Nd4 Ra4 40. Rad1
Re5 41. Nxb5 axb5 42. g3 Ne8 43. Ne6 Nf6 44. f4 Rxd5 45. Rxd5 Nxd5 46. Rxd5
Kxe6 47. Rxb5 Ra2 48. Rh5 d5 49. Kg1 d4 50. Kf1 d3 51. Ke1 Re2+ 52. Kd1 Rg2 53.
Rxh7 Kd5 54. f5 Ke5 55. Rd7 1/2-1/2

[Event "2.BLS 0506 Karlsruher SF - SK Viernheim"]
[Site "?"]
[Date "2006.04.02"]
[Round "9.2"]
[White "Gerstner, Wolfgang"]
[Black "Beikert, Guenther Dr"]
[Result "1/2-1/2"]
[WhiteElo "2407"]
[BlackElo "2428"]
[PlyCount "60"]
[EventDate "2006.??.??"]

1. d4 Nf6 2. c4 e6 3. Nc3 Bb4 4. Qc2 c5 5. dxc5 Bxc5 6. Nf3 b6 7. Bg5 Bb7 8. e3
Be7 9. Be2 d6 10. Rd1 a6 11. O-O Nbd7 12. Bf4 Qc7 13. Qd2 Ne5 14. Nxe5 dxe5 15.
Bg3 h5 16. h3 g5 17. f3 g4 18. fxg4 hxg4 19. Bxg4 Nxg4 20. hxg4 Rd8 21. Qe2
Rxd1 22. Rxd1 Bg5 23. b4 O-O 24. Rd2 Rc8 25. Na4 Qxc4 26. Nxb6 Qc1+ 27. Kh2 Rc3
28. Bxe5 Rxe3 29. Qxe3 Bxe3 30. Rd8+ Kh7 1/2-1/2

[Event "2.BLS 0506 Karlsruher SF - SK Viernheim"]
[Site "?"]
[Date "2006.04.02"]
[Round "9.3"]
[White "Mandel, Andreas"]
[Black "Karst, Elmar"]
[Result "1/2-1/2"]
[WhiteElo "2410"]
[BlackElo "2317"]
[PlyCount "69"]
[EventDate "2006.??.??"]

1. d4 d5 2. c4 c6 3. Nf3 e6 4. Qc2 Nf6 5. g3 Be7 6. Bg2 O-O 7. O-O Nbd7 8. b3
b6 9. Rd1 Bb7 10. Nc3 Rc8 11. e4 dxe4 12. Nxe4 Nxe4 13. Qxe4 Nf6 14. Qe2 Bd6
15. Ne5 h6 16. Bb2 Qe7 17. Rd2 Rfd8 {(=)} 18. Rad1 Ba3 19. Ba1 Qc7 20. Bc3 Bf8
21. Rd3 Re8 22. h4 Rcd8 23. Qf3 Ba8 24. Qe2 c5 25. Bxa8 Rxa8 26. Qf3 Rad8 27.
dxc5 Bxc5 28. Kg2 Rxd3 29. Rxd3 Bd6 30. Ng4 Nxg4 31. Qxg4 Bf8 32. Qd1 b5 33.
cxb5 Qb7+ 34. Qf3 Qxb5 35. Qe4 1/2-1/2

[Event "2.BLS 0506 Karlsruher SF - SK Viernheim"]
[Site "?"]
[Date "2006.04.02"]
[Round "9.4"]
[White "Werner, Clemens"]
[Black "Schmidt, Stefan"]
[Result "1-0"]
[WhiteElo "2282"]
[BlackElo "2234"]
[PlyCount "66"]
[EventDate "2006.??.??"]

1. d4 Nf6 2. Bg5 d6 3. Nc3 g6 4. Qd2 Bg7 5. Bh6 O-O 6. O-O-O c6 7. Bxg7 Kxg7 8.
h4 b5 9. h5 Bf5 10. e4 b4 11. exf5 bxc3 12. Qxc3 gxf5 13. Nh3 d5 14. Be2 Kh8
15. Kb1 Qd6 16. Qd3 e6 17. c4 Nbd7 18. g3 Rab8 19. Rc1 {(=)} Rb7 20. Rc2 Qb8
21. Rhc1 Rb4 22. Qa3 Ne4 23. Ka1 a5 24. cxd5 cxd5 25. Qxa5 h6 26. Bf3 Kh7 27.
Bxe4 fxe4 28. Nf4 Rxd4 29. Rc7 Rc8 30. Nxe6 fxe6 31. Rxd7+ Kg8 32. Rxc8+ Qxc8
33. Rd8+ Kf7 1-0

[Event "2.BLS 0506 Karlsruher SF - SK Viernheim"]
[Site "?"]
[Date "2006.04.02"]
[Round "9.5"]
[White "Martin, Stefan"]
[Black "Duschek, Volker"]
[Result "0-1"]
[WhiteElo "2273"]
[BlackElo "2287"]
[PlyCount "48"]
[EventDate "2006.??.??"]

1. d4 Nf6 2. c4 g6 3. f3 Bg7 4. e4 d6 5. Nc3 O-O 6. Be3 c5 7. Nge2 Nc6 8. d5
Ne5 9. Ng3 e6 10. Be2 exd5 11. exd5 Re8 12. Qd2 Qe7 13. Kf2 a6 14. Rhe1 Bd7 15.
a4 h5 16. h3 Nh7 17. f4 Qh4 18. Bf1 f5 19. Ra3 g5 20. Nd1 gxf4 21. Bxf4 Ng6 22.
Rxe8+ Rxe8 23. Kf3 Nxf4 24. Qxf4 Ng5+ 0-1

[Event "2.BLS 0506 Karlsruher SF - SK Viernheim"]
[Site "?"]
[Date "2006.04.02"]
[Round "9.6"]
[White "Schlager, Thomas"]
[Black "Spiegel, Stefan Dr"]
[Result "1-0"]
[WhiteElo "2297"]
[BlackElo "2240"]
[PlyCount "85"]
[EventDate "2006.??.??"]

1. d4 Nf6 2. c4 e6 3. Nc3 Bb4 4. Nf3 b6 5. Bg5 Bb7 6. e3 h6 7. Bh4 Bxc3+ 8.
bxc3 d6 9. Bd3 Nbd7 10. O-O Qe7 11. Nd2 e5 12. e4 g5 13. Bg3 a5 14. Re1 h5 15.
f3 h4 16. Bf2 Nh5 17. Nf1 Nf4 18. Ne3 Nxd3 19. Qxd3 O-O-O 20. h3 Ba6 21. Qc2
Rde8 22. Rab1 Bb7 23. Qa4 Rhg8 24. Qb5 Rg6 25. Rb2 Nb8 26. Nf5 Qd7 27. Qb3 a4
28. Qa3 Rf6 29. c5 dxc5 30. dxc5 b5 31. c4 Rxf5 32. exf5 c6 33. f6 Ba6 34. Qc3
Qf5 35. Rbe2 Nd7 36. Bd4 Re6 37. Bxe5 b4 38. Qd4 Bxc4 39. Qxc4 Nxe5 40. Qa6+
Kc7 41. Qb6+ Kc8 42. Rxe5 Rxe5 43. Qxc6+ 1-0

[Event "2.BLS 0506 Karlsruher SF - SK Viernheim"]
[Site "?"]
[Date "2006.04.02"]
[Round "9.7"]
[White "Birnbaum, Detlev"]
[Black "Pfrommer, Christoph"]
[Result "0-1"]
[WhiteElo "2162"]
[BlackElo "2252"]
[PlyCount "36"]
[EventDate "2006.??.??"]

1. d4 d5 2. c4 dxc4 3. Nf3 Nf6 4. e3 e6 5. Bxc4 c5 6. O-O a6 7. dxc5 Bxc5 8.
Nc3 Qxd1 9. Rxd1 b5 10. Bd3 Bb7 11. Bd2 Nbd7 12. Rac1 O-O 13. a3 Rfc8 14. b4
Be7 15. a4 Bxb4 16. axb5 Nc5 17. Bc4 axb5 18. Rb1 Bxc3 0-1

[Event "2.BLS 0506 OSC Baden Baden - Stuttgarte"]
[Site "?"]
[Date "2006.04.02"]
[Round "9.1"]
[White "Berezovsky, Igor"]
[Black "Kachiani-Gersinska, Ketino"]
[Result "1/2-1/2"]
[WhiteElo "2433"]
[BlackElo "2421"]
[PlyCount "81"]
[EventDate "2006.??.??"]

1. e4 c6 2. c4 d5 3. exd5 Nf6 4. Nc3 cxd5 5. cxd5 Nxd5 6. Bc4 Nb6 7. Bb3 g6 8.
h4 Bg7 9. Qf3 e6 10. Nge2 Nc6 11. d4 Nxd4 12. Nxd4 Qxd4 13. h5 Bd7 14. Be3 Qb4
15. Rd1 Bc6 16. Qg3 Nd5 17. Bxd5 exd5 18. Rh4 Qxb2 19. Bd4 Bxd4 20. Rhxd4 O-O-O
21. Kf1 Rhe8 22. a4 gxh5 23. Kg1 Rg8 24. Qd3 Qa3 25. Qf5+ Kb8 26. Nb5 Bxb5 27.
axb5 Qc5 28. Qxf7 Rdf8 29. Qxd5 Qxd5 30. Rxd5 h4 31. Rh5 Rf7 32. Rxh4 Rg5 33.
Rb4 b6 34. Rc1 Rff5 35. Rcb1 h5 36. Kf1 Rc5 37. g3 Kc7 38. Ra1 Rxb5 39. Rxa7+
Kd6 40. Rd4+ Rbd5 41. Rf4 1/2-1/2

[Event "2.BLS 0506 OSC Baden Baden - Stuttgarte"]
[Site "?"]
[Date "2006.04.02"]
[Round "9.2"]
[White "Netzer, Jean"]
[Black "Benkovic, Petar"]
[Result "0-1"]
[WhiteElo "2362"]
[BlackElo "2433"]
[PlyCount "86"]
[EventDate "2006.??.??"]

1. e4 d5 2. exd5 Qxd5 3. Nc3 Qd6 4. d4 c6 5. Nf3 Bg4 6. Be2 Nf6 7. O-O Nbd7 8.
Re1 e6 9. g3 Qc7 10. Ng5 Bf5 11. d5 Nxd5 12. Bh5 g6 13. Bf3 Nxc3 14. bxc3 h6
15. Nxf7 Kxf7 16. g4 Bd6 17. gxf5 exf5 18. h3 Bc5 19. Qe2 Kg7 20. Bb2 Rhe8 21.
c4+ Kf7 22. Qd2 Nf6 23. Kh1 Bf8 24. c5 Bg7 25. Rg1 Ne4 26. Bxe4 Rxe4 27. Rxg6
Kxg6 28. Rg1+ Rg4 29. hxg4 Bxb2 30. gxf5+ Kh7 31. c3 Qf7 32. Rg6 Qd5+ 33. Qxd5
cxd5 34. Rd6 Bxc3 35. Rxd5 Rg8 36. Kh2 Rg7 37. Kh3 Bb4 38. Kh4 Be1 39. f6 Bxf2+
40. Kh5 Rg5+ 41. Rxg5 hxg5 42. c6 bxc6 43. Kxg5 c5 0-1

[Event "2.BLS 0506 OSC Baden Baden - Stuttgarte"]
[Site "?"]
[Date "2006.04.02"]
[Round "9.3"]
[White "Vuckovic, Aleksandar"]
[Black "Mutschnik, Illya"]
[Result "0-1"]
[WhiteElo "2365"]
[BlackElo "2414"]
[PlyCount "136"]
[EventDate "2006.??.??"]

1. e4 c5 2. Nf3 e6 3. d4 cxd4 4. Nxd4 Nc6 5. Nc3 Qc7 6. g3 a6 7. Bg2 Nf6 8. O-O
Bc5 9. Nb3 Ba7 10. Bf4 Ne5 11. Qe2 d6 12. Rad1 b5 13. Qd2 Bb7 14. Qxd6 Qxd6 15.
Rxd6 Nc4 16. Rd3 Nxb2 17. Na5 Nxd3 18. cxd3 Rc8 19. Nxb5 axb5 20. Nxb7 Ke7 21.
Nd6 Rc2 22. Nxb5 Rxa2 23. Nxa7 Rxa7 24. Be3 Rc7 25. d4 Rc2 26. Bf3 Rd8 27. Ra1
Ne8 28. h4 h6 29. d5 Nf6 30. dxe6 fxe6 31. Ra5 Rd7 32. e5 Nd5 33. Bc5+ Kf7 34.
Bd6 Nb6 35. Ra6 Nc8 36. Bh5+ g6 37. Bf3 Nxd6 38. exd6 Rd2 39. Bc6 R2xd6 40.
Bxd7 Rxa6 41. Bb5 Rb6 42. Bd3 Kf6 43. Kg2 Rb3 44. Be4 g5 45. hxg5+ Kxg5 46. Kh3
e5 47. f3 Rb2 48. Bd5 Rd2 49. Be4 h5 50. Bb7 Rd1 51. Be4 Rd4 52. Bb7 h4 53. Bc6
hxg3 54. Kxg3 Rf4 55. Bb7 Kf6 56. Kf2 Ke6 57. Bc8+ Kd5 58. Ke3 Rb4 59. Bf5 Rb3+
60. Kf2 Kd4 61. Be4 Rb4 62. Bc6 Rb2+ 63. Kg3 Ke3 64. Kg4 Rb6 65. Ba8 Rf6 66.
Bb7 Rf4+ 67. Kg3 Rf7 68. Bd5 Rg7+ 0-1

[Event "2.BLS 0506 OSC Baden Baden - Stuttgarte"]
[Site "?"]
[Date "2006.04.02"]
[Round "9.4"]
[White "Nill, Jessica"]
[Black "Vujic, Branimir"]
[Result "0-1"]
[WhiteElo "2339"]
[BlackElo "2357"]
[PlyCount "120"]
[EventDate "2006.??.??"]

1. d4 d5 2. c4 e6 3. Nf3 Nf6 4. Nc3 Be7 5. e3 O-O 6. Bd3 a6 7. O-O dxc4 8. Bxc4
b5 9. Bd3 Bb7 10. b3 c5 11. Bb2 Nbd7 12. Qe2 Qb6 13. a4 Bxf3 14. Qxf3 c4 15.
Be2 b4 16. Ne4 c3 17. Bc1 e5 18. Rd1 Nxe4 19. Qxe4 Bf6 20. a5 Qc7 21. Bc4 Rfe8
22. Qd3 Rad8 23. Qf1 Nb8 24. d5 e4 25. Ra4 Be5 26. h3 Qd6 27. Ra2 Qg6 28. Qe2
Bc7 29. Rd4 Re5 30. Qg4 Qd6 31. g3 h5 32. Qd1 h4 33. g4 Rg5 34. f4 exf3 35.
Qxf3 Nd7 36. e4 Rg6 37. Qg2 Bxa5 38. Be3 Bb6 39. Rxa6 Bxd4 40. Bxd4 Qf4 41. Ra1
Nf6 42. Rf1 Qxe4 43. Qf2 Rxd5 44. Bxd5 Qxd5 45. Be3 Nd7 46. Qxh4 Rf6 47. Rxf6
Nxf6 48. g5 Qd1+ 49. Kf2 Nd5 50. g6 fxg6 51. Qd8+ Kh7 52. Qh4+ Qh5 53. Qxh5+
gxh5 54. Bc1 Kg6 55. h4 Kf5 56. Kf3 Ke5 57. Bg5 Kd4 58. Ke2 Ke4 59. Kd1 Kd3 60.
Kc1 Nf6 0-1

[Event "2.BLS 0506 OSC Baden Baden - Stuttgarte"]
[Site "?"]
[Date "2006.04.02"]
[Round "9.5"]
[White "Reuss, Andreas"]
[Black "Reefschlaeger, Helmut"]
[Result "1/2-1/2"]
[WhiteElo "2339"]
[BlackElo "2314"]
[PlyCount "26"]
[EventDate "2006.??.??"]

1. e4 e6 2. d4 d5 3. Nc3 Nc6 4. Nf3 Nf6 5. e5 Ne4 6. Bd3 Bb4 7. O-O Nxc3 8.
bxc3 Bxc3 9. Rb1 Bb4 10. Ng5 Be7 11. Qg4 h5 12. Qg3 Nxd4 13. f4 h4 {(=)}
1/2-1/2

[Event "2.BLS 0506 OSC Baden Baden - Stuttgarte"]
[Site "?"]
[Date "2006.04.02"]
[Round "9.6"]
[White "Borulya, Ekaterina"]
[Black "Heinatz, Thomas"]
[Result "1/2-1/2"]
[WhiteElo "2286"]
[BlackElo "2295"]
[PlyCount "48"]
[EventDate "2006.??.??"]

1. e4 c5 2. Nf3 e6 3. d4 cxd4 4. Nxd4 Nc6 5. Nc3 Qc7 6. g3 d6 7. Bg2 Bd7 8. O-O
Nf6 9. Ndb5 Qb8 10. a4 Be7 11. Be3 O-O 12. f4 Rd8 13. Qe2 Be8 14. Rad1 Nd7 15.
f5 Nde5 16. Bh3 Bd7 17. Qf2 a6 18. Nd4 Qc8 19. Nce2 Nxd4 20. Bxd4 exf5 21. Bxf5
Bxf5 22. Qxf5 Qxf5 23. exf5 Rac8 24. Nc3 Bf6 1/2-1/2

[Event "2.BLS 0506 OSC Baden Baden - Stuttgarte"]
[Site "?"]
[Date "2006.04.02"]
[Round "9.7"]
[White "Lorscheid, Gerhard"]
[Black "Tammert, Iamze"]
[Result "1/2-1/2"]
[WhiteElo "2262"]
[BlackElo "2270"]
[PlyCount "50"]
[EventDate "2006.??.??"]

1. d4 g6 2. e4 Bg7 3. Nc3 c6 4. Nf3 d6 5. Be3 Nf6 6. Qd2 Ng4 7. Ng5 b5 8. h3
Nf6 9. Bd3 O-O 10. O-O Bb7 11. e5 b4 12. exf6 exf6 13. Nce4 fxg5 14. Qxb4 Ba6
15. Bxa6 Nxa6 16. Qxd6 Qxd6 17. Nxd6 Rfd8 18. Nc4 Bxd4 19. Bxg5 Rd5 20. Bf4 Bf6
21. c3 Rb8 22. Rab1 Nc5 23. Bd2 Na4 24. Rfc1 Rc5 25. b3 Rd8 1/2-1/2

[Event "2.BLS 0506 OSC Baden Baden - Stuttgarte"]
[Site "?"]
[Date "2006.04.02"]
[Round "9.8"]
[White "Konson, Konstantin"]
[Black "Migl, Dieter"]
[Result "1/2-1/2"]
[WhiteElo "2245"]
[BlackElo "2213"]
[PlyCount "130"]
[EventDate "2006.??.??"]

1. e4 e6 2. d4 d5 3. Nd2 Nf6 4. e5 Nfd7 5. f4 c5 6. c3 Nc6 7. Ndf3 Qa5 8. Kf2
Be7 9. Bd3 Qb6 10. Bb1 f6 11. Ne2 cxd4 12. Nexd4 fxe5 13. fxe5 Ndxe5 14. Nxe5
Nxe5 15. Qh5+ Nf7 16. Re1 g6 17. Qe2 O-O 18. Be3 e5 19. Nb3 Qc7 20. Kg1 Be6 21.
Bc2 b6 22. Rad1 Rae8 23. Kh1 Bd6 24. Rf1 d4 25. cxd4 Bc4 26. Qg4 Be6 27. Bf5
Bxf5 28. Rxf5 exd4 29. Bxd4 Qc8 30. Rdf1 Nh6 31. Rxf8+ Rxf8 32. Rxf8+ Qxf8 33.
Qe6+ Nf7 34. Nd2 Qh6 35. Qc8+ Qf8 36. Qe6 Qh6 37. Nf3 Qc1+ 38. Ng1 Qh6 39. g3
g5 40. Qc8+ Qf8 41. Qf5 Qa8+ 42. Nf3 h6 43. Kg2 Kf8 44. Kh3 Qc6 45. Bf6 Qc5 46.
Qd7 Be7 47. Bd4 Qc4 48. Qf5 h5 49. Ne5 g4+ 50. Kg2 Qe2+ 51. Qf2 Qe4+ 52. Kf1
Qb1+ 53. Qe1 Qxe1+ 54. Kxe1 Nxe5 55. Bxe5 Kf7 56. Bd4 Ke6 57. Ke2 Kd5 58. Kd3
Bd8 59. b4 a6 60. a4 b5 61. a5 Be7 62. Bc3 Bd6 63. Bd2 Be5 64. Be3 Bf6 65. Bc5
Be7 1/2-1/2

[Event "2.BLS 0506 Bayern München - SC HP Böbli"]
[Site "?"]
[Date "2006.04.02"]
[Round "9.1"]
[White "Dausch, Rene"]
[Black "Heinzel, Olaf"]
[Result "1-0"]
[WhiteElo "2387"]
[BlackElo "2401"]
[PlyCount "101"]
[EventDate "2006.??.??"]

1. e4 d5 2. exd5 Qxd5 3. Nf3 Nf6 4. d4 Bg4 5. Be2 Nc6 6. c4 Qd7 7. Be3 e6 8.
O-O O-O-O 9. Qb3 g5 10. Rd1 Rg8 11. Nbd2 Bd6 12. c5 Bf4 13. Bb5 Bxf3 14. Nxf3
g4 15. Bxf4 gxf3 16. Qxf3 Nd5 17. Bg3 f5 18. Be5 a6 19. Bf1 Nxe5 20. dxe5 Qc6
21. Rac1 Rg4 22. h3 Rg6 23. Rd4 Rdg8 24. Kh1 Ne7 25. Qxc6 Nxc6 26. Rh4 R8g7 27.
Re1 Rd7 28. Kg1 h6 29. Be2 Rd5 30. Bh5 Rg7 31. Bf3 Rxe5 32. Rd1 Rg6 33. b4 Rf6
34. Rf4 Rf8 35. Kf1 Rd8 36. Rxd8+ Kxd8 37. Rh4 Kd7 38. a3 a5 39. Bxc6+ Kxc6 40.
Rxh6 a4 41. Rh7 b6 42. cxb6 cxb6 43. Rg7 f4 44. Rg4 Rf5 45. h4 Kd5 46. Rg5 Rxg5
47. hxg5 Ke5 48. Ke2 Kf5 49. Kd3 Kxg5 50. Ke4 Kg4 51. b5 1-0

[Event "2.BLS 0506 Bayern München - SC HP Böbli"]
[Site "?"]
[Date "2006.04.02"]
[Round "9.2"]
[White "Renner, Christoph"]
[Black "Gheng, Josef"]
[Result "0-1"]
[WhiteElo "2447"]
[BlackElo "2341"]
[PlyCount "62"]
[EventDate "2006.??.??"]

1. c4 Nf6 2. Nf3 b6 3. g3 Bb7 4. Bg2 e5 5. O-O e4 6. Nd4 c5 7. Nb5 d5 8. cxd5
Bxd5 9. d3 Bc6 10. dxe4 Bxb5 11. e5 Bc6 12. Bxc6+ Nxc6 13. Qa4 Rc8 14. exf6
Qxf6 15. Nc3 Bd6 16. Rd1 Bb8 17. Nd5 Qe6 18. Bf4 Be5 19. Qe4 Bxb2 20. Qg2 Bxa1
21. Rxa1 O-O 22. e4 Rfe8 23. f3 Ne5 24. g4 c4 25. Bd2 Rc5 26. Nf4 Qf6 27. Rf1
Ng6 28. Nh5 Qd4+ 29. Kh1 c3 30. Bc1 c2 31. Qe2 Rd8 0-1

[Event "2.BLS 0506 Bayern München - SC HP Böbli"]
[Site "?"]
[Date "2006.04.02"]
[Round "9.3"]
[White "Bauer, Peter"]
[Black "Klebel, Martin Dr"]
[Result "1-0"]
[WhiteElo "2295"]
[BlackElo "2391"]
[PlyCount "53"]
[EventDate "2006.??.??"]

1. e4 c5 2. Nf3 e6 3. d4 cxd4 4. Nxd4 Nc6 5. Nc3 Qc7 6. g3 a6 7. Bg2 Nf6 8. O-O
d6 9. Re1 Bd7 10. a4 Be7 11. h3 O-O 12. Kh2 Rac8 13. f4 Nxd4 14. Qxd4 e5 15.
Qf2 Rfe8 16. f5 d5 17. exd5 b5 18. axb5 axb5 19. Be3 Bb4 20. Ra7 Qd6 21. Rea1
Bxc3 22. R1a6 Qb4 23. bxc3 Rxc3 24. Rxf6 gxf6 25. Rxd7 Rec8 26. Bh6 Qc4 27. Qb6
1-0

[Event "2.BLS 0506 Bayern München - SC HP Böbli"]
[Site "?"]
[Date "2006.04.02"]
[Round "9.4"]
[White "Meissner, Bernd-Guenther"]
[Black "Ortmann, David"]
[Result "1-0"]
[WhiteElo "2357"]
[BlackElo "2294"]
[PlyCount "125"]
[EventDate "2006.??.??"]

1. d4 d5 2. c4 Nc6 3. Nc3 Nf6 4. Bg5 Ne4 5. Bh4 Nxc3 6. bxc3 dxc4 7. e4 Na5 8.
Nf3 g6 9. Bxc4 Nxc4 10. Qa4+ c6 11. Qxc4 Bg7 12. O-O O-O 13. Rfe1 Qc7 14. a4 h6
15. a5 Be6 16. Qc5 Rfe8 17. Rab1 Bc8 18. Bg3 Qd8 19. h3 Bf8 20. a6 b6 21. Qxc6
Bxa6 22. Ne5 Qc8 23. Qa4 Bb7 24. Qb3 e6 25. Ng4 Bg7 26. Be5 Qd8 27. Bxg7 Kxg7
28. Qb2 h5 29. Ne5 Qh4 30. Qe2 Rec8 31. Qe3 Rc7 32. Rbc1 Rac8 33. c4 Qf6 34.
Rc3 Qe7 35. Rec1 Ba6 36. Qg3 Bb7 37. Rf3 Qe8 38. Qf4 Qe7 39. Nxf7 Qxf7 40. Qe5+
Kh7 41. Rxf7+ Rxf7 42. Qxe6 Rcc7 43. e5 Rce7 44. Qd6 Rd7 45. Qb8 Rxd4 46. e6
Rg7 47. Re1 Re4 48. Rxe4 Bxe4 49. Qf8 Bc6 50. e7 Rg8 51. Qf7+ Rg7 52. e8=Q Bxe8
53. Qxe8 Rc7 54. f4 a5 55. Qd8 Rb7 56. Qc8 Rf7 57. Qc6 Kh6 58. Qxb6 Rxf4 59.
Qe3 g5 60. c5 a4 61. c6 Rf6 62. c7 Rc6 63. c8=Q 1-0

[Event "2.BLS 0506 Bayern München - SC HP Böbli"]
[Site "?"]
[Date "2006.04.02"]
[Round "9.5"]
[White "Kabisch, Thilo"]
[Black "Lentrodt, Thomas"]
[Result "1/2-1/2"]
[WhiteElo "2330"]
[BlackElo "2312"]
[PlyCount "171"]
[EventDate "2006.??.??"]

1. e4 c5 2. Nf3 a6 3. d4 cxd4 4. Nxd4 Nf6 5. Nc3 d6 6. Bc4 e6 7. a3 b5 8. Ba2
Bb7 9. Qe2 Nc6 10. Nxc6 Bxc6 11. Nd5 Bb7 12. Nxf6+ Qxf6 13. O-O Be7 14. Bd2 O-O
15. Rab1 Rfd8 16. c4 bxc4 17. Ba5 Rdc8 18. Bc3 $11 Qg6 19. Rbe1 d5 20. exd5
Bxd5 21. f4 Bf6 22. Bb1 Qh6 23. f5 Bxc3 24. bxc3 Rab8 25. Rf2 Rb3 26. Be4 Bxe4
27. Qxe4 Qf6 28. Rf3 Rb6 29. Qe3 Rbc6 30. g4 h6 31. Qa7 exf5 32. Rxf5 Qg6 33.
h3 Rf6 34. Qd7 Rf8 35. Ref1 Rxf5 36. Rxf5 Qb6+ 37. Rf2 Qb3 38. Qd4 Qb5 39. Rf5
Qb1+ 40. Kg2 Qb2+ 41. Kg3 Qb8+ 42. Qe5 Qb1 43. Qd4 Qe1+ 44. Kg2 Re8 45. Rf2 Qe6
46. Rf4 Qc6+ 47. Kg1 Re1+ 48. Rf1 Re6 49. Rf4 Re1+ 50. Rf1 Re4 51. Qd8+ Re8 52.
Qd4 Qe6 53. Rf2 Qe3 54. Kg2 Qxd4 55. cxd4 Re3 56. Rc2 c3 57. h4 Kf8 58. Kf2 Rd3
59. g5 hxg5 60. hxg5 Ke7 61. Rc1 Kd6 62. Ke2 Rg3 63. Rf1 Ke7 64. Rf5 c2 65.
Re5+ Kd6 66. Kd2 Rc3 67. Kc1 Rc6 68. Rf5 Ke6 69. Re5+ Kd7 70. Rf5 Ke7 71. Ra5
f6 72. g6 Kd6 73. d5 Rc7 74. Rxa6+ Kxd5 75. Ra8 f5 76. Rf8 Ke6 77. a4 Ra7 78.
Kxc2 Rxa4 79. Rf7 Rg4 80. Rxg7 Kf6 81. Ra7 Kxg6 82. Kd3 Re4 83. Ra1 Kg5 84.
Rg1+ Rg4 85. Rf1 Re4 86. Rh1 {(Art. 10.2)} 1/2-1/2

[Event "2.BLS 0506 Bayern München - SC HP Böbli"]
[Site "?"]
[Date "2006.04.02"]
[Round "9.6"]
[White "Reich, Thomas"]
[Black "Tuncer, Ufuk"]
[Result "1-0"]
[WhiteElo "2395"]
[BlackElo "2295"]
[PlyCount "89"]
[EventDate "2006.??.??"]

1. d4 Nf6 2. c4 g6 3. Nc3 Bg7 4. e4 d6 5. f3 O-O 6. Be3 Nc6 7. Qd2 a6 8. Nge2
Rb8 9. Nc1 Nd7 10. Nb3 e5 11. d5 Ne7 12. O-O-O f5 13. g4 fxg4 14. fxg4 Nf6 15.
h3 Bd7 16. Bd3 Kh8 17. c5 Neg8 18. Kb1 Qe7 19. Rc1 Rfd8 20. Qg2 Qe8 21. Be2 Bf8
22. cxd6 Bxd6 23. Na5 Bb4 24. Nc4 b5 25. Nd2 c6 26. Bf3 cxd5 27. exd5 Rdc8 28.
Rhd1 Bxc3 29. Rxc3 Rxc3 30. bxc3 Rc8 31. Kb2 Qe7 32. g5 Ne8 33. Ne4 Nd6 34.
Nxd6 Qxd6 35. Qg3 b4 36. Bd4 bxc3+ 37. Ka1 Re8 38. Bxc3 Qc7 39. Bg4 h6 40. d6
Qd8 41. Bxe5+ Kh7 42. Bxd7 Qxd7 43. Rc1 Rc8 44. Rxc8 Qxc8 45. Qc3 1-0